[Event "47th World Open"]
[Site "Philadelphia"]
[Date "2019.07.07"]
[Round "8"]
[White "Kavutskiy, Konstantin"]
[Black "Tsay, Vincent"]
[Result "1-0"]
[WhiteElo "2412"]
[BlackElo "2167"]
[PlyCount "81"]
[EventDate "2019.07.??"]
[EventType "swiss"]
[EventRounds "9"]
[EventCountry "USA"]

1. Nf3 d5 2. e3 Nf6 3. c4 e6 4. b3 b6 5. Bb2 Bb7 6. Nc3 Nbd7 7. cxd5 exd5 8. d4
Bd6 9. Rc1 O-O 10. g3 Rc8 11. Bh3 Ba6 12. Ne2 Bb4+ 13. Bc3 Ba3 14. Rc2 Ne4 15.
O-O Nxc3 16. Rxc3 c5 17. Rc2 Rc7 18. Bg2 Re8 19. dxc5 Nxc5 20. Nfd4 Ne4 21.
Rxc7 Qxc7 22. b4 Bxe2 23. Nxe2 Bxb4 24. Qxd5 Nf6 25. Qb3 Bc5 26. Nf4 Qe5 27.
Nd3 Qe7 28. Nxc5 Qxc5 29. Qa4 Qc7 30. Rd1 h6 31. Bf3 Rc8 32. Qb3 Qe5 33. Rd4
Qa5 34. Kg2 Qc5 35. Qd3 Qe7 36. h3 Qc7 37. Qa6 Rf8 38. Rc4 Qb8 39. Qb5 Rd8 40.
Qf5 Qd6 41. Rc6 1-0

[Event "47th World Open"]
[Site "Philadelphia"]
[Date "2019.07.07"]
[Round "8"]
[White "Narayanan, Samrug"]
[Black "Niemann, Hans"]
[Result "1-0"]
[WhiteElo "2200"]
[BlackElo "2467"]
[PlyCount "111"]
[EventDate "2019.07.??"]
[EventType "swiss"]
[EventRounds "9"]
[EventCountry "USA"]

1. e4 c5 2. Nf3 d6 3. Bb5+ Nd7 4. O-O a6 5. Bd3 Ne5 6. Nxe5 dxe5 7. b3 g5 8.
Bb2 Bg7 9. a4 e6 10. Na3 Ne7 11. Nc4 Ng6 12. Qf3 a5 13. Qg3 f6 14. Be2 O-O 15.
Rfe1 Bd7 16. Qe3 b6 17. d3 f5 18. exf5 exf5 19. Bf3 Ra7 20. Bd5+ Kh8 21. Nxe5
Be8 22. Nxg6+ Bxg6 23. Bxg7+ Rxg7 24. Bc4 f4 25. Qe5 f3 26. Re3 fxg2 27. Rae1
h6 28. Bd5 Kh7 29. Be4 Rgf7 30. R1e2 Rf6 31. Qe7+ Qxe7 32. Bxg6+ Kxg6 33. Rxe7
Rd8 34. R7e6 Kf7 35. Rxf6+ Kxf6 36. Re4 Kf5 37. f3 h5 38. h3 Rd6 39. Kxg2 Rf6
40. Kf2 Rd6 41. Ke3 Rg6 42. Re8 Rd6 43. Re7 Rf6 44. Kf2 Kf4 45. Re4+ Kf5 46.
Ke2 Rd6 47. Ke3 Rg6 48. c3 Rc6 49. f4 gxf4+ 50. Rxf4+ Ke5 51. Rh4 Rh6 52. d4+
cxd4+ 53. cxd4+ Kd5 54. Kd3 Rh8 55. Rf4 Rh6 56. Rf5+ 1-0

[Event "47th World Open"]
[Site "Philadelphia"]
[Date "2019.07.07"]
[Round "8"]
[White "Lapshun, Yury"]
[Black "Lin, Dachey"]
[Result "1-0"]
[WhiteElo "2392"]
[BlackElo "2260"]
[PlyCount "79"]
[EventDate "2019.07.??"]
[EventType "swiss"]
[EventRounds "9"]
[EventCountry "USA"]

1. d4 Nf6 2. c4 c5 3. d5 e6 4. Nc3 exd5 5. cxd5 d6 6. e4 g6 7. Bd3 Bg7 8. Nge2
O-O 9. O-O Re8 10. Ng3 Na6 11. h3 Rb8 12. f4 Nc7 13. a4 a6 14. Qf3 Kh8 15. Rd1
b5 16. axb5 axb5 17. e5 dxe5 18. fxe5 Nd7 19. d6 Nxe5 20. Qf1 Ne6 21. Bxb5 Bd7
22. Bxd7 Qxd7 23. Rd5 Nc6 24. Kh1 Nb4 25. Rd1 f5 26. Nge2 Rb6 27. Bf4 Nc2 28.
Nd5 Rbb8 29. Ra6 Nxf4 30. Nexf4 Nd4 31. Qc4 Rxb2 32. Qxc5 Rc2 33. Qa7 Qxa7 34.
Rxa7 Rd8 35. d7 Nb5 36. Ne6 Nxa7 37. Nxd8 Kg8 38. Re1 Rd2 39. Re8+ Bf8 40. Ne6
1-0

[Event "47th World Open"]
[Site "Philadelphia"]
[Date "2019.07.07"]
[Round "8"]
[White "Kretchetov, Alexandre"]
[Black "Turgut, Aydin"]
[Result "1/2-1/2"]
[WhiteElo "2216"]
[BlackElo "2378"]
[PlyCount "83"]
[EventDate "2019.07.??"]
[EventType "swiss"]
[EventRounds "9"]
[EventCountry "USA"]

1. Nf3 d5 2. d4 Nf6 3. c4 c6 4. g3 e6 5. Qc2 Ne4 6. Bg2 Bd6 7. O-O f5 8. b3 Qe7
9. Ne5 O-O 10. Bb2 a5 11. f3 Nf6 12. Nd2 c5 13. e3 b6 14. Rae1 Qc7 15. Nd3 cxd4
16. exd4 Nc6 17. a3 Bd7 18. c5 bxc5 19. Nxc5 Rfe8 20. Rc1 Rac8 21. Qb1 Qb6 22.
Kh1 Rc7 23. Rfe1 Kf7 24. Bf1 Rec8 25. Qd3 g6 26. Qe3 Re8 27. Nd3 Bc8 28. Bh3
Kg7 29. g4 Rce7 30. g5 Nd7 31. f4 Bb7 32. Bg2 Kf7 33. h4 Ba6 34. h5 Bxd3 35.
Qxd3 Bxf4 36. Qh3 Bxg5 37. hxg6+ hxg6 38. Nc4 Qb8 39. Ne5+ Ncxe5 40. Qh7+ Kf8
41. Qh8+ Kf7 42. Qh7+ 1/2-1/2

[Event "47th World Open"]
[Site "Philadelphia"]
[Date "2019.07.07"]
[Round "8"]
[White "Husbands, Orlando"]
[Black "Somalwar, Anaiy"]
[Result "1/2-1/2"]
[WhiteElo "2289"]
[BlackElo "2111"]
[PlyCount "75"]
[EventDate "2019.07.??"]
[EventType "swiss"]
[EventRounds "9"]
[EventCountry "USA"]

1. e4 c5 2. Nf3 e6 3. d4 cxd4 4. Nxd4 Nc6 5. Nc3 Qc7 6. Be2 Nf6 7. O-O Be7 8.
Be3 O-O 9. Kh1 d6 10. f4 Nxd4 11. Bxd4 e5 12. Be3 exf4 13. Bxf4 a6 14. Qe1 Be6
15. Qg3 Kh8 16. e5 Ne8 17. Ne4 dxe5 18. Bxe5 Qc6 19. Bd3 Bc4 20. Bc3 Bxd3 21.
Qxd3 Rd8 22. Qe3 f6 23. Rae1 Nc7 24. Bd4 Qc4 25. Bc5 Bxc5 26. Qxc5 Qxc5 27.
Nxc5 b6 28. Nd3 Rfe8 29. Kg1 Kg8 30. Kf2 Kf7 31. Rxe8 Nxe8 32. Re1 Nc7 33. Re4
Rd6 34. Rc4 Ne6 35. Ke3 h5 36. Rc8 g5 37. c4 f5 38. c5 1/2-1/2

[Event "47th World Open"]
[Site "Philadelphia"]
[Date "2019.07.07"]
[Round "8"]
[White "Perez-Billinghurst, Ricardo"]
[Black "Canty, James"]
[Result "0-1"]
[WhiteElo "2084"]
[BlackElo "2233"]
[PlyCount "108"]
[EventDate "2019.07.??"]
[EventType "swiss"]
[EventRounds "9"]
[EventCountry "USA"]

1. e4 c5 2. Nf3 g6 3. d4 cxd4 4. Nxd4 Nc6 5. Nc3 Bg7 6. Be3 Nf6 7. Bc4 O-O 8.
Bb3 d6 9. h3 Na5 10. O-O b6 11. f4 Bb7 12. f5 Nxb3 13. axb3 Nxe4 14. Qg4 h5 15.
Qf4 g5 16. Qf3 Nxc3 17. Qxh5 Nd5 18. Bxg5 Bxd4+ 19. Kh1 Bg7 20. Ra4 f6 21. Rh4
Rf7 22. Qh7+ Kf8 23. Bh6 Ke8 24. Qg6 Bxh6 25. Rxh6 Kd7 26. Qxf7 Qg8 27. Qxg8
Rxg8 28. Rg6 Rc8 29. c3 Ne3 30. Rf2 Rc5 31. Kh2 Nxf5 32. Re2 Ba6 33. Re4 Bd3
34. Ra4 a5 35. Rgg4 Bc2 36. Ra3 Ne3 37. Rg8 Rd5 38. b4 a4 39. c4 Nxc4 40. Rd3
Bb3 41. h4 Nxb2 42. Rb8 Nc4 43. Rh3 a3 44. Ra8 a2 45. Rxb3 Ra5 46. bxa5 a1=Q
47. Ra7+ Ke6 48. axb6 Qe5+ 49. Kh3 Nxb6 50. Raa3 Nc4 51. Ra2 Qf5+ 52. Kh2 Qf4+
53. g3 Qf1 54. Rc3 Ne5 0-1

[Event "47th World Open"]
[Site "Philadelphia"]
[Date "2019.07.07"]
[Round "8"]
[White "Altman, Joshua"]
[Black "Harriott, Tyrell"]
[Result "0-1"]
[WhiteElo "1856"]
[BlackElo "2003"]
[PlyCount "87"]
[EventDate "2019.07.??"]
[EventType "swiss"]
[EventRounds "9"]
[EventCountry "USA"]

1. d4 d5 2. c4 e6 3. Nc3 f5 4. Bf4 Bd6 5. Bxd6 Qxd6 6. e3 Nf6 7. Nf3 O-O 8. Bd3
Ne4 9. Qb3 c6 10. O-O Kh8 11. Bxe4 fxe4 12. Ne5 Nd7 13. f4 Qe7 14. Nxd7 Qxd7
15. c5 b6 16. cxb6 Ba6 17. b7 Rab8 18. Rfc1 Bc4 19. Qb4 Qf7 20. Nxe4 Rxb7 21.
Qd2 Qe7 22. Nc5 Rb6 23. b3 Ba6 24. Na4 Rbb8 25. Qa5 Bb5 26. Nc5 g5 27. Qd2 gxf4
28. exf4 Rf6 29. a4 Rbf8 30. axb5 cxb5 31. Rf1 Rg8 32. Rf2 Rh6 33. Qe3 Qh4 34.
Qe5+ Rg7 35. g3 Rhg6 36. Rg2 Qg4 37. Re1 Kg8 38. Nxe6 Rb7 39. Qxd5 Rb8 40. Ng5+
Kh8 41. Qe5+ Rg7 42. Qxb8+ Rg8 43. Qe5+ Rg7 44. Nf7+ 0-1

[Event "47th World Open"]
[Site "Philadelphia"]
[Date "2019.07.06"]
[Round "7.3"]
[White "Corrales Jimenez, Fidel"]
[Black "Durarbayli, Vasif"]
[Result "1-0"]
[WhiteElo "2548"]
[BlackElo "2637"]
[PlyCount "127"]
[EventDate "2019.07.??"]
[EventType "swiss"]
[EventRounds "9"]
[EventCountry "USA"]

1. e4 c5 2. Nf3 d6 3. d4 cxd4 4. Nxd4 Nf6 5. Nc3 a6 6. Be3 e5 7. Nb3 Be6 8. f3
h5 9. Qd2 Nbd7 10. Nd5 Bxd5 11. exd5 g6 12. Be2 Bg7 13. O-O b6 14. Rac1 O-O 15.
h3 Qb8 16. c4 a5 17. Na1 Qb7 18. Nc2 Nc5 19. Na3 Nh7 20. Nb5 Qe7 21. b3 Bf6 22.
Bd3 Bg5 23. Bc2 Bxe3+ 24. Qxe3 f5 25. a3 Rf7 26. b4 Nd7 27. Bb3 Rc8 28. f4 axb4
29. axb4 Rb8 30. Rce1 Nhf6 31. fxe5 dxe5 32. d6 Qf8 33. Rd1 Kh7 34. Nc7 f4 35.
Qe2 Rg7 36. Ne6 Qe8 37. Nxg7 Kxg7 38. Ba4 Rc8 39. Rc1 Qe6 40. Bxd7 Nxd7 41.
Rxf4 Qxd6 42. Rd1 Qe7 43. Rf2 Nf6 44. Rdf1 Rc6 45. b5 Re6 46. Qe3 Qc7 47. Ra1
Nd7 48. Qf3 Nf6 49. Qd3 Re7 50. Qe3 Nd7 51. Qg5 Qc5 52. Ra7 Rf7 53. Qd2 Rxf2
54. Qxf2 Qd6 55. Qf3 Qd4+ 56. Kh1 Kh6 57. Qd5 Nc5 58. Qxd4 exd4 59. Kg1 Kg5 60.
Rc7 Nb3 61. c5 bxc5 62. b6 d3 63. Kf2 Nd4 64. Rxc5+ 1-0

[Event "47th World Open"]
[Site "Philadelphia"]
[Date "2019.07.06"]
[Round "7.4"]
[White "Erenburg, Sergey"]
[Black "Burke, John M"]
[Result "1/2-1/2"]
[WhiteElo "2574"]
[BlackElo "2562"]
[PlyCount "100"]
[EventDate "2019.07.??"]
[EventType "swiss"]
[EventRounds "9"]
[EventCountry "USA"]

1. e4 e5 2. Nf3 Nc6 3. Bb5 a6 4. Ba4 Nf6 5. O-O Bc5 6. c3 O-O 7. d4 Ba7 8. dxe5
Nxe4 9. Qd5 Nc5 10. Bc2 Ne7 11. Qd1 d5 12. exd6 Qxd6 13. Qxd6 cxd6 14. Rd1 Bg4
15. Be3 Nf5 16. Bxf5 Bxf5 17. Rxd6 Ne4 18. Rd1 Bxe3 19. fxe3 Rfe8 20. Na3 Nf6
21. Nc4 Re7 22. Rd4 Be4 23. a4 Bc6 24. Nfe5 Be8 25. Nb6 Rb8 26. Nec4 Bc6 27.
Rad1 g6 28. h3 Kg7 29. a5 Ne4 30. Rd8 Rxd8 31. Rxd8 Ng3 32. Kf2 Nh1+ 33. Kg1
Ng3 34. Nd5 Re4 35. Ndb6 h5 36. Nd2 Rxe3 37. Kf2 Re2+ 38. Kxg3 g5 39. Nf3 h4+
40. Nxh4 gxh4+ 41. Kxh4 Bxg2 42. Nc4 Bc6 43. Rd4 f6 44. Kg4 Kg6 45. h4 Rg2+ 46.
Kh3 Rf2 47. Rg4+ Kh5 48. Rd4 Rf3+ 49. Kh2 Rf2+ 50. Kh3 Rf3+ 1/2-1/2

[Event "47th World Open"]
[Site "Philadelphia"]
[Date "2019.07.06"]
[Round "7"]
[White "Robson, Ray"]
[Black "Chirila, Ioan-Cristian"]
[Result "1-0"]
[WhiteElo "2652"]
[BlackElo "2534"]
[PlyCount "65"]
[EventDate "2019.07.??"]
[EventType "swiss"]
[EventRounds "9"]
[EventCountry "USA"]

1. e4 c5 2. Nf3 d6 3. d4 cxd4 4. Nxd4 Nf6 5. Nc3 g6 6. Be3 Bg7 7. f3 Nc6 8. Qd2
O-O 9. Bc4 Bd7 10. O-O-O Rc8 11. Bb3 Ne5 12. Kb1 Nc4 13. Bxc4 Rxc4 14. g4 Qb8
15. h4 b5 16. h5 b4 17. Nd5 Nxd5 18. exd5 Be5 19. b3 Rc5 20. hxg6 fxg6 21. Ne6
Bxe6 22. dxe6 Ra5 23. Bd4 Bf4 24. Qd3 Be5 25. Rh6 Bxd4 26. Qxd4 Qb6 27. Qd3 Rf6
28. Rdh1 Rxe6 29. Qc4 d5 30. Qc8+ Kf7 31. Rxh7+ Kf6 32. Qh8+ Kg5 33. Rf7 1-0

[Event "47th World Open"]
[Site "Philadelphia"]
[Date "2019.07.06"]
[Round "7"]
[White "Andriasian, Zaven"]
[Black "Jacobson, Brandon"]
[Result "1-0"]
[WhiteElo "2589"]
[BlackElo "2456"]
[PlyCount "83"]
[EventDate "2019.07.??"]
[EventType "swiss"]
[EventRounds "9"]
[EventCountry "USA"]

1. e4 c5 2. Nf3 Nc6 3. Bb5 e6 4. O-O Nge7 5. c3 a6 6. Ba4 b5 7. Bc2 Ng6 8. d4
cxd4 9. cxd4 Bb7 10. Nc3 Rc8 11. a4 b4 12. Ne2 Bd6 13. Ng3 O-O 14. Bg5 f6 15.
Be3 Bb8 16. Rc1 d5 17. exd5 exd5 18. Bf5 Rc7 19. Bxg6 hxg6 20. Bf4 Rd7 21. Bxb8
Qxb8 22. Nh4 Ne7 23. Re1 Rc8 24. Qg4 Rxc1 25. Rxc1 f5 26. Qg5 Qd6 27. Nf3 Nc6
28. Qh4 Nd8 29. Re1 Ne6 30. Ne5 f4 31. Nxd7 Qxd7 32. Qg4 Bc8 33. Nf1 Qf7 34.
Re5 Bd7 35. Rxd5 Nf8 36. Qg5 Bxa4 37. Rd8 Bb5 38. Nd2 Qc7 39. h4 Qc1+ 40. Kh2
Qc7 41. Nf3 Qf7 42. Ne5 1-0

[Event "47th World Open"]
[Site "Philadelphia"]
[Date "2019.07.06"]
[Round "7"]
[White "Quesada Perez, Yasser"]
[Black "Boros, Denes"]
[Result "1-0"]
[WhiteElo "2572"]
[BlackElo "2467"]
[PlyCount "107"]
[EventDate "2019.07.??"]
[EventType "swiss"]
[EventRounds "9"]
[EventCountry "USA"]

1. e4 e5 2. Nf3 Nf6 3. Nc3 Bb4 4. Nxe5 O-O 5. Be2 Re8 6. Nd3 Bxc3 7. dxc3 Nxe4
8. Nf4 d6 9. O-O Nd7 10. c4 b6 11. f3 Nef6 12. Rf2 Bb7 13. b3 Ne5 14. Bb2 Ng6
15. Qd2 Nxf4 16. Qxf4 Qe7 17. Bd3 d5 18. Re2 Qd6 19. Qxd6 cxd6 20. Bxf6 gxf6
21. cxd5 Bxd5 22. Rae1 Re6 23. Rxe6 Bxe6 24. Kf2 Rc8 25. Rd1 Kf8 26. Be4 f5 27.
Bd3 Ke7 28. Ke3 Rc5 29. f4 h6 30. a3 Rc3 31. Kd4 Rc8 32. b4 Bd7 33. Re1+ Kf6
34. Re3 Rg8 35. Rh3 Rg6 36. Kd5 Rxg2 37. Kxd6 Ba4 38. Kc7 Rf2 39. Kb7 Rxf4 40.
Kxa7 b5 41. Kb6 Kg5 42. Bxb5 Bxc2 43. Rc3 Bd1 44. Kc5 Rf2 45. Rc1 Rd2 46. Bf1
Rd8 47. Ra1 Ba4 48. b5 f4 49. b6 Rd2 50. Rb1 Rc2+ 51. Bc4 Bc6 52. Kxc6 Rxc4+
53. Kd5 Rc8 54. b7 1-0

[Event "47th World Open"]
[Site "Philadelphia"]
[Date "2019.07.06"]
[Round "7"]
[White "Cordova, Emilio"]
[Black "Shetty, Atulya"]
[Result "1/2-1/2"]
[WhiteElo "2615"]
[BlackElo "2420"]
[PlyCount "67"]
[EventDate "2019.07.??"]
[EventType "swiss"]
[EventRounds "9"]
[EventCountry "USA"]

1. Nf3 d5 2. d4 Nf6 3. c4 c6 4. Qb3 dxc4 5. Qxc4 Bf5 6. g3 e6 7. Bg2 Nbd7 8.
O-O Be7 9. e3 O-O 10. Qe2 Qc7 11. Nc3 e5 12. dxe5 Nxe5 13. Nxe5 Qxe5 14. e4 Bg4
15. f3 Be6 16. Bf4 Qa5 17. Rfc1 Rad8 18. a3 Bb3 19. Nb1 Bc5+ 20. Kh1 Bd4 21.
Nd2 Be6 22. Rc2 Rd7 23. Nc4 Qa4 24. Rb1 Rfd8 25. b3 Bxc4 26. Rxc4 Qxa3 27. Bh3
Re7 28. Rd1 c5 29. Qc2 Ree8 30. Ra4 Qb2 31. Qxb2 Bxb2 32. Rxd8 Rxd8 33. Rxa7
Nh5 34. Bd6 1/2-1/2

[Event "47th World Open"]
[Site "Philadelphia"]
[Date "2019.07.06"]
[Round "7"]
[White "Bruzon Batista, Lazaro"]
[Black "Song, Edward"]
[Result "1/2-1/2"]
[WhiteElo "2661"]
[BlackElo "2394"]
[PlyCount "110"]
[EventDate "2019.07.??"]
[EventType "swiss"]
[EventRounds "9"]
[EventCountry "USA"]

1. e4 c5 2. Nf3 Nc6 3. d4 cxd4 4. Nxd4 Nf6 5. Nc3 e5 6. Ndb5 d6 7. Bg5 a6 8.
Na3 b5 9. Nd5 Be7 10. Bxf6 Bxf6 11. c4 b4 12. Nc2 O-O 13. g3 a5 14. Bg2 Be6 15.
O-O Bg5 16. b3 g6 17. Qd3 Bxd5 18. Qxd5 Qb6 19. Bh3 Ne7 20. Qd3 Rfd8 21. Rfd1
a4 22. bxa4 Rxa4 23. Qb3 Rda8 24. Bd7 R4a7 25. Bb5 d5 26. exd5 Nf5 27. Qxb4 Be7
28. Qb3 Bc5 29. Rf1 Bd4 30. a4 Bxa1 31. Rxa1 Nd6 32. Re1 Nxb5 33. axb5 Qd6 34.
Rb1 Qb6 35. Qe3 Qxe3 36. Nxe3 Ra1 37. Rxa1 Rxa1+ 38. Kg2 Kf8 39. d6 Ke8 40. b6
Kd7 41. c5 Kc6 42. Ng4 f6 43. Nxf6 Ra8 44. Ne4 Ra4 45. f3 Ra3 46. g4 h6 47. h4
Ra2+ 48. Kg3 Ra3 49. Nf6 Ra8 50. h5 g5 51. Kf2 Rf8 52. d7 Rb8 53. Ke3 Kxc5 54.
Ke4 Kxb6 55. Kxe5 Kc7 1/2-1/2

[Event "47th World Open"]
[Site "Philadelphia"]
[Date "2019.07.06"]
[Round "7"]
[White "Finegold, Benjamin"]
[Black "Khomeriki, Nino"]
[Result "1/2-1/2"]
[WhiteElo "2475"]
[BlackElo "2343"]
[PlyCount "185"]
[EventDate "2019.07.??"]
[EventType "swiss"]
[EventRounds "9"]
[EventCountry "USA"]

1. d4 Nf6 2. c4 e6 3. Nc3 d5 4. Bg5 Be7 5. e3 Nbd7 6. Nf3 h6 7. Bh4 O-O 8. Rc1
c6 9. Bd3 dxc4 10. Bxc4 b6 11. O-O Bb7 12. Qe2 Nh5 13. Bxe7 Qxe7 14. Rfd1 Rac8
15. a3 Nhf6 16. Ba6 Bxa6 17. Qxa6 Rc7 18. e4 e5 19. d5 Qd6 20. Qe2 Rfc8 21. Rb1
Rb7 22. h3 c5 23. Nd2 Ne8 24. Nc4 Qg6 25. Rd3 Nd6 26. Rg3 Qf6 27. Nxd6 Qxd6 28.
Nd1 g6 29. Ne3 b5 30. h4 Nf6 31. h5 Kh7 32. hxg6+ fxg6 33. Ng4 c4 34. Rh3 Nxg4
35. Qxg4 Rf8 36. Qg5 h5 37. g4 Rg7 38. Kg2 Qc5 39. Qe3 Qxe3 40. fxe3 Rgf7 41.
gxh5 Rf2+ 42. Kg1 g5 43. Rh2 Rxh2 44. Kxh2 Kh6 45. Kg3 Kxh5 46. Rd1 Kg6 47. Kg4
Rh8 48. d6 Kf6 49. d7 Rd8 50. Rd6+ Ke7 51. Rd5 a6 52. Kxg5 Ke6 53. a4 Rxd7 54.
axb5 axb5 55. Rxb5 Rg7+ 56. Kh5 Rg2 57. Rb6+ Ke7 58. Rb4 Kf6 59. Kh4 Ke6 60.
Kh3 Re2 61. Kg4 Rg2+ 62. Kf3 Rc2 63. Rb6+ Ke7 64. Kg4 Rf2 65. Kg5 Kf7 66. Rb4
Ke6 67. Kg4 Rg2+ 68. Kf3 Rc2 69. Rb6+ Ke7 70. Kg4 Rf2 71. Rb4 Ke6 72. Rxc4 Rg2+
73. Kf3 Rxb2 74. Rc6+ Ke7 75. Kg4 Rf2 76. Kg5 Rf3 77. Ra6 Rf1 78. Rh6 Rf2 79.
Kg4 Rf1 80. Rh3 Ke6 81. Rf3 Rxf3 82. Kxf3 Kf7 83. Kf2 Kf6 84. Ke2 Ke6 85. Ke1
Ke7 86. Kd2 Kd6 87. Kd1 Kd7 88. Kc2 Kc6 89. Kb3 Kb5 90. Kc3 Kc5 91. Kb3 Kb5 92.
Kc3 Kc5 93. Kb3 1/2-1/2

[Event "47th World Open"]
[Site "Philadelphia"]
[Date "2019.07.06"]
[Round "7"]
[White "Niemann, Hans"]
[Black "Kretchetov, Alexandre"]
[Result "1/2-1/2"]
[WhiteElo "2467"]
[BlackElo "2216"]
[PlyCount "59"]
[EventDate "2019.07.??"]
[EventType "swiss"]
[EventRounds "9"]
[EventCountry "USA"]

1. d4 Nf6 2. c4 e6 3. Nf3 d5 4. g3 Bb4+ 5. Bd2 Be7 6. Bg2 O-O 7. O-O Nbd7 8.
Bf4 c6 9. Qc2 Ne4 10. Nfd2 f5 11. Nxe4 fxe4 12. Nc3 Bg5 13. Bd6 Rf7 14. a4 Nf6
15. c5 Ng4 16. e3 Be7 17. Bxe7 Qxe7 18. h3 Nf6 19. f4 exf3 20. Rxf3 e5 21. Raf1
a5 22. g4 Be6 23. Ne2 e4 24. R3f2 Raf8 25. Qc3 Qc7 26. Nf4 Bd7 27. g5 Ne8 28.
Qb3 Bf5 29. Rc1 Qd8 30. h4 1/2-1/2

[Event "47th World Open"]
[Site "Philadelphia"]
[Date "2019.07.06"]
[Round "7"]
[White "Mishra, Abhimanyu"]
[Black "Katz, Alexander"]
[Result "1-0"]
[WhiteElo "2208"]
[BlackElo "2429"]
[PlyCount "77"]
[EventDate "2019.07.??"]
[EventType "swiss"]
[EventRounds "9"]
[EventCountry "USA"]

1. e4 d6 2. d4 Nf6 3. Nc3 g6 4. f4 Bg7 5. Nf3 O-O 6. e5 Nfd7 7. Bc4 c5 8. e6
Nb6 9. exf7+ Kh8 10. h4 Nxc4 11. h5 Bf5 12. hxg6 Bxg6 13. f5 Bxf7 14. Ng5 Kg8
15. Rxh7 e6 16. Rxg7+ Kxg7 17. Qg4 exf5 18. Ne6+ Kf6 19. Bg5+ Kxe6 20. d5+ Kd7
21. Qxf5+ Kc7 22. Bxd8+ Kxd8 23. O-O-O Nd7 24. b3 Nce5 25. Nb5 a6 26. Qg5+ Kc8
27. Nxd6+ Kc7 28. Nf5 Bg6 29. Ne7 Bh7 30. d6+ Kb6 31. Re1 Nc6 32. Qg7 Bxc2 33.
Nd5+ Ka7 34. Qxd7 Bf5 35. Qc7 Rac8 36. Qb6+ Kb8 37. Ne7 Nb4 38. Nxc8 Nd5 39.
Qa7+ 1-0

[Event "47th World Open"]
[Site "Philadelphia"]
[Date "2019.07.06"]
[Round "7"]
[White "Melaugh, Gavin"]
[Black "Kavutskiy, Konstantin"]
[Result "0-1"]
[WhiteElo "2153"]
[BlackElo "2412"]
[PlyCount "54"]
[EventDate "2019.07.??"]
[EventType "swiss"]
[EventRounds "9"]
[EventCountry "USA"]

1. c4 g6 2. Nc3 Bg7 3. d4 Nf6 4. e4 d6 5. Be2 O-O 6. Be3 Na6 7. g4 c5 8. d5 Qb6
9. g5 Nxe4 10. Nxe4 Qxb2 11. Rc1 Qxa2 12. Nc3 Qb2 13. Qd2 Qxd2+ 14. Kxd2 Nb4
15. Bf3 Bf5 16. Bg2 a5 17. Bh3 Bd3 18. Bf1 Bxf1 19. Rxf1 a4 20. Nge2 a3 21. Ra1
a2 22. Rhc1 Ra3 23. Nf4 Rb3 24. Nd3 Ra8 25. Nxc5 dxc5 26. Bxc5 Rb2+ 27. Kd1 Nd3
0-1

[Event "47th World Open"]
[Site "Philadelphia"]
[Date "2019.07.06"]
[Round "7"]
[White "Lu, Maximillian"]
[Black "Husbands, Orlando"]
[Result "1-0"]
[WhiteElo "2090"]
[BlackElo "2289"]
[PlyCount "107"]
[EventDate "2019.07.??"]
[EventType "swiss"]
[EventRounds "9"]
[EventCountry "USA"]

1. Nf3 d5 2. g3 Nf6 3. Bg2 e6 4. d4 b5 5. a4 b4 6. c4 bxc3 7. bxc3 Ba6 8. Ne5
c5 9. c4 cxd4 10. Qxd4 Bb4+ 11. Bd2 Bxd2+ 12. Nxd2 O-O 13. O-O Nbd7 14. Nc6 Qb6
15. cxd5 Qxd4 16. Nxd4 Nxd5 17. Bxd5 exd5 18. Rfc1 Rfc8 19. e3 Ne5 20. N2f3 Nd3
21. Rc6 Rxc6 22. Nxc6 Kf8 23. Nfd4 Ke8 24. Nb5 Kd7 25. Ncxa7 Nb2 26. Rc1 Nc4
27. Rd1 Bxb5 28. Nxb5 Rxa4 29. Rxd5+ Ke7 30. Rc5 g6 31. Kg2 Kf8 32. g4 Nd2 33.
Nd4 Kg7 34. Rc7 h6 35. h4 Ra5 36. Ne6+ Kg8 37. Nd8 f5 38. Ne6 fxg4 39. Rg7+ Kh8
40. Rxg6 h5 41. Ng5 Rf5 42. e4 Ra5 43. Rd6 Rxg5 44. Rxd2 Re5 45. f3 Kg7 46. Rd5
Kf6 47. Rxe5 gxf3+ 48. Kxf3 Kxe5 49. Ke3 Ke6 50. Kf4 Kf6 51. e5+ Ke6 52. Ke4
Ke7 53. Kf5 Kf7 54. Kg5 1-0

[Event "47th World Open"]
[Site "Philadelphia"]
[Date "2019.07.06"]
[Round "7"]
[White "Rama, Tejas"]
[Black "Homa, Seth"]
[Result "0-1"]
[WhiteElo "1944"]
[BlackElo "2281"]
[PlyCount "102"]
[EventDate "2019.07.??"]
[EventType "swiss"]
[EventRounds "9"]
[EventCountry "USA"]

1. d4 Nf6 2. c4 e6 3. Nf3 d5 4. Nc3 c6 5. g3 dxc4 6. Bg2 b5 7. Bg5 Bb7 8. Ne5
h6 9. Bxf6 gxf6 10. Ng4 h5 11. Ne3 Qb6 12. h4 Nd7 13. O-O O-O-O 14. a4 a6 15.
Nc2 f5 16. e3 Ne5 17. Qb1 Ng4 18. b3 cxb3 19. Qxb3 Rg8 20. Rfc1 Kb8 21. Rcb1 f4
22. exf4 Nxf2 23. Kxf2 Rxd4 24. Kf1 Rd3 25. Nd5 Rxb3 26. Nxb6 Rbxg3 27. Ne1 Bg7
28. Ra2 Kc7 29. a5 Bc3 30. Rd1 Bxa5 31. Rxa5 Kxb6 32. Ra2 R8g4 33. Kf2 Rc3 34.
Bf3 Rxf4 35. Kg3 Rg4+ 36. Kh3 c5 37. Rf2 Rf4 38. Kg2 Bxf3+ 39. Rxf3 Rfxf3 40.
Nxf3 Rc2+ 41. Kg3 b4 42. Ng5 b3 43. Nxf7 b2 44. Rb1 c4 45. Ne5 c3 46. Nd3 Rd2
47. Ne1 a5 48. Nf3 Rd1 49. Rxd1 c2 50. Rd6+ Kb7 51. Rd7+ Kc8 0-1

[Event "47th World Open"]
[Site "Philadelphia"]
[Date "2019.07.06"]
[Round "7"]
[White "Sinha, Sahil"]
[Black "Juac, Majur"]
[Result "1-0"]
[WhiteElo "2268"]
[BlackElo "2107"]
[PlyCount "81"]
[EventDate "2019.07.??"]
[EventType "swiss"]
[EventRounds "9"]
[EventCountry "USA"]

1. d4 Nf6 2. c4 c5 3. d5 e6 4. Nc3 exd5 5. cxd5 d6 6. Nf3 g6 7. Nd2 Nbd7 8. Nc4
Nb6 9. e4 Nxc4 10. Bxc4 a6 11. a4 Bg7 12. O-O O-O 13. Bg5 Qc7 14. f4 Ng4 15. f5
Bd4+ 16. Kh1 Nf2+ 17. Rxf2 Bxf2 18. Bf6 Bd4 19. Bxd4 cxd4 20. Qxd4 Qe7 21. f6
Qe5 22. Qxe5 dxe5 23. Kg1 Bd7 24. Kf2 b5 25. axb5 axb5 26. Rxa8 Rxa8 27. Bxb5
Bxb5 28. Nxb5 Rb8 29. Na7 Rxb2+ 30. Ke3 Kf8 31. Kf3 Rb3+ 32. Ke2 Rb2+ 33. Kf3
Ke8 34. Nc6 Rb6 35. h4 h6 36. g3 Rxc6 37. dxc6 Kd8 38. Kg4 h5+ 39. Kg5 Kc7 40.
Kh6 Kxc6 41. Kg7 1-0

[Event "47th World Open"]
[Site "Philadelphia"]
[Date "2019.07.06"]
[Round "7"]
[White "Canty, James"]
[Black "Zhou, Aiden"]
[Result "1/2-1/2"]
[WhiteElo "2233"]
[BlackElo "2074"]
[PlyCount "61"]
[EventDate "2019.07.??"]
[EventType "swiss"]
[EventRounds "9"]
[EventCountry "USA"]

1. e4 e6 2. d4 d5 3. Nc3 Nf6 4. Bg5 Bb4 5. exd5 Qxd5 6. Bxf6 gxf6 7. Qd2 Bxc3
8. Qxc3 Qd6 9. Nf3 b6 10. O-O-O Bb7 11. Bb5+ c6 12. Ba4 Nd7 13. Kb1 O-O-O 14.
Rhe1 Rhg8 15. g3 Qc7 16. Qe3 f5 17. Qh6 b5 18. Bb3 c5 19. Re3 c4 20. a4 cxb3
21. Rc3 bxc2+ 22. Kxc2 Qxc3+ 23. Kxc3 Bxf3 24. Rc1 Kb7 25. axb5 Rc8+ 26. Kd2
Rxc1 27. Kxc1 Rc8+ 28. Kd2 Rc7 29. Qxh7 Nf6 30. Qg7 Nd5 31. Qf8 1/2-1/2

[Event "47th World Open"]
[Site "Philadelphia"]
[Date "2019.07.06"]
[Round "7"]
[White "Mahajan, Rushaan"]
[Black "Li, Eric"]
[Result "0-1"]
[WhiteElo "1889"]
[BlackElo "2190"]
[PlyCount "135"]
[EventDate "2019.07.??"]
[EventType "swiss"]
[EventRounds "9"]
[EventCountry "USA"]

1. d4 Nf6 2. Nf3 d5 3. Bf4 c5 4. e3 Nc6 5. c3 Qb6 6. Qc2 g6 7. dxc5 Qxc5 8.
Nbd2 Bg7 9. Bd3 Nh5 10. Bg5 h6 11. Bh4 g5 12. Bg3 e5 13. e4 dxe4 14. Bxe4 Ne7
15. Nb3 Qc7 16. Nfd2 f5 17. Bf3 Nf6 18. h3 f4 19. Bh2 Bf5 20. Ne4 O-O-O 21. Qe2
Nxe4 22. Bxe4 h5 23. Nd2 Qb6 24. O-O-O Be6 25. a3 Nf5 26. Bg1 Qc7 27. Rh2 Rd7
28. f3 Ng3 29. Qb5 a6 30. Qb6 Qxb6 31. Bxb6 Rd6 32. Bc5 Rd7 33. Bb6 Bf6 34. Bf2
Ne2+ 35. Kc2 Rhd8 36. Rhh1 h4 37. Rhe1 Ng3 38. Bb6 Re8 39. c4 Bd8 40. Bf2 Bc7
41. b3 Red8 42. Kc3 Nxe4+ 43. fxe4 Bxc4 44. Kxc4 Rxd2 45. Rxd2 Rxd2 46. Rf1 b5+
47. Kb4 Kb7 48. a4 bxa4 49. bxa4 Bb6 50. Bxb6 Kxb6 51. a5+ Kc6 52. Rc1+ Kd6 53.
Rc8 Rb2+ 54. Kc3 Rxg2 55. Ra8 Kc5 56. Rxa6 Rg3+ 57. Kd2 Rxh3 58. Rg6 Ra3 59. a6
Kd4 60. Rxg5 Rxa6 61. Rh5 Ra2+ 62. Kc1 Kxe4 63. Rxh4 Ke3 64. Kd1 e4 65. Rh8 f3
66. Rf8 f2 67. Kc1 Ra1+ 68. Kb2 0-1